00322nam a2200133Ia 4500003000400000005001700004008004100021040000900062082002000071100001500091245004800106260002500154300000900179OSt20200608113218.0190216s9999||||xx |||||||||||||| ||und|| coclc a342.5409bMEN/T aMenon, V P 4aThe Transfer Of Power In India /cV P Menon bS Naggin&Co.,c1985. a558p